Statistics for Irregular British Demonyms

Click here to take the quiz!

General Stats

  • This quiz has been taken 43 times
  • The average score is 7 of 22

Answer Stats

Town/City Demonym % Correct
LiverpoolLiverpudlian, Scouser
94%
BirminghamBirminghamian, Brummie
89%
ManchesterMancunian, Manc
80%
GlasgowGlaswegian
80%
Newcastle upon TyneGeordie, Novocastrian
71%
LancasterLancastrian
63%
DundeeDundonian
34%
BlackpoolBlackpudlian
31%
AberdeenAberdonian
31%
SunderlandMackem
29%
StokeStokie, Potter
23%
OxfordOxonian
20%
ShrewsburySalopian
17%
CambridgeCantabrigian
11%
SwanseaJack
11%
PaisleyBuddie
11%
SouthamptonSotonian
11%
ColchesterColcestrian
9%
LeedsLoiner, Leodensian
9%
DumfriesDoonhamer
9%
WolverhamptonWulfrunian
9%
SloughSluff
6%

Score Distribution

Percentile by Number Answered

Percent of People with Each Score

Your Score History

You have not taken this quiz